000 00506nam a22001577a 4500
005 20231025080327.0
008 231025b |||||||| |||| 00| 0 eng d
041 _aEnglish
082 _a347.1 JON
100 _avan Loggerenberg DE
_lEnglish
245 _aJones & Buckle Magistrates' Courts Rules and Supplementary Material
_cDE van Loggerenberg
260 _aCape Town :
_bJuta Law,
_c2010
300 _bv, 84 pages ;
_c33 cm.
650 _aLegal practice
_bLaw
942 _cBK
_6ALISON_BN_VRIES
999 _c42
_d42